000 01563cam a22003255a 4500
001 L149804
008 100428s2010 xxk 000 0 eng u
020 _a9781842195888
035 _a(Sirsi) u149804
041 0 _aeng
050 0 4 _a336.21 $2 18
110 2 _aRoyal Institution of Chartered Surveyors
_94900
245 0 0 _aRating consultancy
_bRICS/IRRV/RSA code of practice
_c[old edition]
250 _a3rd ed.
260 _aCoventry
_bRICS
_c2010
300 _aiv, 28p.
_c30cm.
490 0 _aRICS Code of Practice
505 2 _aRating consultancy code of practice -- The code of practice applicable in England and Wales -- The code of practice in relation to Scotland -- The code of practice in relation to Northern Ireland -- Appendices
520 _aSets out the standards of practice that rating consultants must adopt in cases where they are wither seeking instructions, or are approached by a new or existing client, to provide advice in relation to non-domestic rating matters. It has mandatory application in relation to consultancy work. Addendum to 3rd ediition published September 2013 see L157992.
520 _aSupersedes second edition (ISBN 1842192396).
520 _aSuperseded by fourth edition (ISBN 9781783211906)
590 _aKA NTK
651 4 _aEngland and Wales
_y1543-
651 4 _aScotland
_y1999-
651 4 _aNorthern Ireland
_y2007-
690 _aPROPERTY-PROPERTY TAXATION
710 2 _aInstitute of Revenues, Rating and Valuation
_92992
710 1 _aRating Surveyors' Association
_92328
942 _n0
_2ddc
999 _c110632
_d110632